000 00413nam a2200157Ia 4500
008 230718s9999 xx 000 0 und d
041 _aeng
082 _a629.8'3
_bAGA
100 _aAgashe S.S.
245 _aTextbook Of Industrial Automation
260 _c2004
_bTech Max Publications
300 _a238
365 _cRs.
_b180.00
700 _aAgashe S.S.
906 _dB:19901/23.03.200415-Aug-2005
_cINST
_b36
999 _c307527
_d307527